Studies on the protective coating for tapping panel against winter cold (Record no. 69727)
[ view plain ]
| 000 -LEADER | |
|---|---|
| fixed length control field | 01339nam a2200205Ia 4500 |
| 100 ## - MAIN ENTRY--AUTHOR NAME | |
| Personal name | Xiaoping Wu |
| 245 #0 - TITLE STATEMENT | |
| Title | Studies on the protective coating for tapping panel against winter cold |
| 260 ## - PUBLICATION, DISTRIBUTION, ETC. (IMPRINT) | |
| Name of publisher | Proceedings of IRRDB Symposium 1999, Hainan, Peoples Republic of China. pp.236-244. |
| 520 ## - SUMMARY, ETC. | |
| Summary, etc | Many years of large-scale trials of a newly made protective coating for rubber panel against winter cold reveal that it is more effective than the conventionally used protective coatings such as the vegetable oils (rubber seed oil, palm oil, castor oil), waxes (paraffin wax, beeswax) and rosin mixture coating, the petrolatum coating and the wet clay and cattle dung mixture coating. It can not only protect the rubber panel against cold in winter, but also increase rubber yield in the early period of the next year, promote the growth of the regenerated panel bark and the recovery of the dry panel. Application of the new protective coating is convenient, and has not caused any disease in the panel up to now. |
| 650 ## - SUBJECT ADDED ENTRY--TOPICAL TERM | |
| Topical Term | Protective coating |
| 650 ## - SUBJECT ADDED ENTRY--TOPICAL TERM | |
| Topical Term | Rate of cracking of bark |
| 650 ## - SUBJECT ADDED ENTRY--TOPICAL TERM | |
| Topical Term | Rate of tapping panel dryness |
| 650 ## - SUBJECT ADDED ENTRY--TOPICAL TERM | |
| Topical Term | Regenerated bark |
| 650 ## - SUBJECT ADDED ENTRY--TOPICAL TERM | |
| Topical Term | Tapping panel |
| 700 ## - ADDED ENTRY--PERSONAL NAME | |
| Personal name | Juqun Wu |
| 700 ## - ADDED ENTRY--PERSONAL NAME | |
| Personal name | Xiangdong He |
| 700 ## - ADDED ENTRY--PERSONAL NAME | |
| Personal name | Zhiyu Niu |
| 942 ## - ADDED ENTRY ELEMENTS (KOHA) | |
| Koha item type | Journals |
| Withdrawn status | Lost status | Damaged status | Not for loan | Home library | Current library | Shelving location | Date acquired | Koha item type |
|---|---|---|---|---|---|---|---|---|
| Journals | RRII Library | RRII Library | Physiology | 17/12/2021 | Journals |